<Die> Kunst, sich zu vermarkten <Ein> Bewerbungsratgeber für Ein- und Umsteiger

Guardado en:
Detalles Bibliográficos
Otros Autores: Bürkle, Hans, Brogsitter, Bernd
Formato: Libro
Lenguaje:alemán
Publicado: Stuttgart Poeschel 1991
Edición:1. Aufl.
Materias:
Etiquetas: Agregar Etiqueta
Sin Etiquetas, Sea el primero en etiquetar este registro!

MARC

LEADER 00000nam a2200000 4500
001 c000662
005 20221214102128.2
020 |a 3-7910-0562-6 
041 0 |a ger 
044 |a DE 
245 1 0 |a <Die> Kunst, sich zu vermarkten  |b <Ein> Bewerbungsratgeber für Ein- und Umsteiger  |c Edit. Hans Bürkle, Bernd Brogsitter 
250 |a 1. Aufl. 
264 1 |a Stuttgart  |b Poeschel  |c 1991 
300 |a 272 s. 
610 2 0 |a povolania 
610 2 0 |a zamestnanosť 
610 2 0 |a trh práce 
610 2 0 |a právo pracovné 
610 2 0 |a Nemecko 
610 2 0 |a psychológia 
700 1 |a Bürkle, Hans 
700 1 |a Brogsitter, Bernd